000 00985nas a22002057a 4500
007 ta
008 230210s2023 xxk||||os||||o00| 0 eng d
041 _aeng
245 _aTingdene Marinas Ltd v Jaffe
260 _a[2023] UKUT 16 (LC),
_bUpper Tribunal (Lands Chamber),
_c20 January 2023
520 _aA houseboat which comprised a wheeled caravan on a specially designed float and was moored at marina pursuant to a licence agreement was protected by the Mobile Homes Act 1983. Although the caravan and float could not be moved as a whole, the caravan could be rolled off the float and was therefore a mobile home for the purposes of s.1(1)(a) of the Act.
650 _aCARAVAN SITES
650 _aMOBILE HOMES ACT 1983
650 _aJUDGMENT
650 _aHOUSING
650 _aHOUSEBOATS
650 _aPLANNING PERMISSION
651 _aUnited Kingdom
856 _uhttps://caselaw.nationalarchives.gov.uk/ukut/lc/2023/16
_zAvailable on the National Archives case law database
999 _c121371
_d121371